000 00617nam a2200241Ia 4500
003 OSt
005 20220918202508.0
006 a|||||r|||| 00| 0
007 ta
008 220917b |||||||| |||| 00| 0 eng d
024 _a101,698
037 _cTextual
040 _aARTS
_cARTS
_beng
041 _2eng
_aeng
082 _aV236.N47, N0
100 _aKhilnani N M
245 0 _aRise of the sikh power in Punjab
260 _aDelhi
_bIndepdent Pub Comp.
_c1990
300 _a221p.
_ccm.
650 _aHISTORY
942 _hV236.N47, N0
_cTEXL
_2CC
999 _c225158
_d225158